[Event "European Youth Chess Championship B14"]
[Site "Prague, Top Hotel Prague"]
[Date "2016.08.20"]
[Round "3.16"]
[White "Olsen, Filip Boe"]
[Black "Levitskiy, Andrey"]
[Result "1/2-1/2"]
[WhiteElo "2260"]
[BlackElo "2101"]
[PlyCount "42"]
[EventDate "2016.08.18"]

1. d4 Nf6 2. c4 e6 3. Nc3 Bb4 4. e3 b6 5. Nge2 Ba6 6. a3 Bxc3+ 7. Nxc3 d5 8. b3
O-O 9. Bd3 dxc4 10. bxc4 Nc6 11. O-O Na5 12. Qe2 c5 13. Bb2 cxd4 14. exd4 Rc8
15. Nb5 Bxb5 16. cxb5 Qd5 17. Rad1 Rfd8 18. f4 g6 19. Qe5 Kg7 20. Rc1 Nb3 21.
Rc6 Qxe5 1/2-1/2

[Event "European Youth Chess Championship B14"]
[Site "Prague, Top Hotel Prague"]
[Date "2016.08.20"]
[Round "3.17"]
[White "Teclaf, Pawel"]
[Black "Suvorov, Alexander"]
[Result "1/2-1/2"]
[WhiteElo "2247"]
[BlackElo "2059"]
[PlyCount "49"]
[EventDate "2016.08.18"]

1. e4 c6 2. d4 d5 3. exd5 cxd5 4. c4 Nf6 5. Nc3 Nc6 6. Bg5 dxc4 7. Bxc4 Qxd4 8.
Qxd4 Nxd4 9. O-O-O e5 10. f4 h6 11. fxe5 Nd7 12. Bf4 Bc5 13. Ne4 Ne6 14. Nd6+
Bxd6 15. Bxe6 Bc5 16. Bb3 Nb6 17. Nf3 Be6 18. Bxe6 fxe6 19. Bg3 O-O 20. Kb1 Nd5
21. Rc1 Bb6 22. Nd2 Be3 23. Rcd1 Bxd2 24. Rxd2 Rac8 25. Rc1 1/2-1/2

[Event "European Youth Chess Championship B14"]
[Site "Prague, Top Hotel Prague"]
[Date "2016.08.20"]
[Round "3.18"]
[White "Kopylov, Daniel"]
[Black "Kaasen, Tor Fredrik"]
[Result "0-1"]
[WhiteElo "2050"]
[BlackElo "2229"]
[PlyCount "50"]
[EventDate "2016.08.18"]

1. d4 Nf6 2. c4 c5 3. Nf3 cxd4 4. Nxd4 g6 5. Nc3 Bg7 6. e3 O-O 7. Be2 d5 8.
cxd5 Nxd5 9. Nxd5 Qxd5 10. Bf3 Qa5+ 11. Bd2 Qb6 12. Bc3 e5 13. Nb3 Rd8 14. Qe2
Nc6 15. O-O Be6 16. Rfc1 Bxb3 17. axb3 Qxb3 18. Bxc6 bxc6 19. Ra6 Qb5 20. Kf1
Rd7 21. Qxb5 cxb5 22. Rca1 e4 23. Bxg7 Kxg7 24. R1a5 Rd1+ 25. Ke2 Rad8 0-1

[Event "European Youth Chess Championship B14"]
[Site "Prague, Top Hotel Prague"]
[Date "2016.08.20"]
[Round "3.19"]
[White "Nesterov, Arseniy"]
[Black "Fus, Jakub"]
[Result "1-0"]
[WhiteElo "2216"]
[BlackElo "2044"]
[PlyCount "73"]
[EventDate "2016.08.18"]

1. d4 e6 2. c4 Nf6 3. Nc3 Bb4 4. e3 O-O 5. Bd3 c5 6. Nf3 Nc6 7. O-O Bxc3 8.
bxc3 d6 9. e4 e5 10. d5 Ne7 11. Ne1 Ng6 12. g3 Bh3 13. Ng2 Qd7 14. Rb1 Rab8 15.
f4 exf4 16. gxf4 Rfe8 17. Re1 Bg4 18. Qc2 Bf3 19. e5 dxe5 20. Bf5 Qc7 21. Bxg6
hxg6 22. fxe5 Nh5 23. Nh4 Bg4 24. Qe4 Bd7 25. Bd2 Qd8 26. e6 f5 27. Qg2 Qxh4
28. Bg5 Qxc4 29. exd7 Rf8 30. d8=Q Rbxd8 31. Bxd8 Nf4 32. Qf1 Qxf1+ 33. Rxf1
Ne2+ 34. Kf2 Nxc3 35. Be7 Re8 36. d6 Nxb1 37. d7 1-0

[Event "European Youth Chess Championship B14"]
[Site "Prague, Top Hotel Prague"]
[Date "2016.08.20"]
[Round "3.20"]
[White "Jazdanovs, Aleksandrs"]
[Black "Petriashvili, Nikoloz"]
[Result "1/2-1/2"]
[WhiteElo "2040"]
[BlackElo "2198"]
[PlyCount "99"]
[EventDate "2016.08.18"]

1. e4 d6 2. d4 Nf6 3. Nc3 g6 4. f3 Bg7 5. Be3 Nbd7 6. Qd2 e5 7. dxe5 Nxe5 8.
O-O-O h6 9. g4 Be6 10. h3 g5 11. Kb1 a6 12. Nd5 Ng6 13. Bc4 Nd7 14. Bb3 Nc5 15.
Bxc5 dxc5 16. Ne2 c6 17. Ne3 Qxd2 18. Rxd2 Ke7 19. c3 b5 20. Nf5+ Bxf5 21. exf5
Ne5 22. f4 gxf4 23. Nxf4 c4 24. Bc2 Rhd8 25. Re2 Kf8 26. Nh5 f6 27. Be4 Kf7 28.
Nf4 Rd6 29. Ne6 Rh8 30. Rg1 Bf8 31. Bc2 Rg8 32. Kc1 Nd3+ 33. Bxd3 cxd3 34. Re3
h5 35. g5 fxg5 36. Nxg5+ Rxg5 37. Rxg5 Bh6 38. h4 Rd5 39. Re6 Bxg5+ 40. hxg5
Rxf5 41. Rxc6 a5 42. Kd2 Rf2+ 43. Kxd3 Rxb2 44. Rh6 Rxa2 45. g6+ Kg7 46. Rxh5
Rb2 47. c4 Rb3+ 48. Kc2 bxc4 49. Rxa5 Kxg6 50. Rc5 1/2-1/2

[Event "European Youth Chess Championship B14"]
[Site "Prague, Top Hotel Prague"]
[Date "2016.08.20"]
[Round "3.21"]
[White "Mnatsakanian, Arsen"]
[Black "Kirilov, Ivaylo"]
[Result "1-0"]
[WhiteElo "2195"]
[BlackElo "1911"]
[PlyCount "82"]
[EventDate "2016.08.18"]

1. d4 Nf6 2. c4 g6 3. Nc3 Bg7 4. e4 d6 5. f3 c6 6. Be3 a6 7. Qd2 b5 8. a3 O-O
9. Bd3 e5 10. Nge2 Qe7 11. O-O Bb7 12. d5 cxd5 13. Nxd5 Nxd5 14. cxd5 Nd7 15.
b4 f5 16. Rac1 f4 17. Bf2 Rac8 18. Nc3 g5 19. a4 bxa4 20. Nxa4 h5 21. Qe2 Bf6
22. Bxa6 Bxa6 23. Qxa6 Ra8 24. Qc6 g4 25. Nb6 Nxb6 26. Bxb6 Qg7 27. Kh1 Kh8 28.
Qxd6 Be7 29. Qe6 Rg8 30. Qf5 Qh6 31. Rc6 Qg5 32. Qxg5 Rxg5 33. d6 Bf6 34. d7
Be7 35. Rc8+ Rg8 36. Rxa8 Rxa8 37. Rb1 Bd8 38. Bxd8 Rxd8 39. b5 Kg7 40. b6 Kf7
41. b7 Ke7 1-0

[Event "European Youth Chess Championship B14"]
[Site "Prague, Top Hotel Prague"]
[Date "2016.08.20"]
[Round "3.22"]
[White "Kamer, Kayra"]
[Black "Vestby-Ellingsen, Mads"]
[Result "1-0"]
[WhiteElo "2041"]
[BlackElo "2184"]
[PlyCount "61"]
[EventDate "2016.08.18"]

1. Nf3 d5 2. g3 Bg4 3. Bg2 c6 4. d3 Nf6 5. O-O Nbd7 6. Nc3 e5 7. e4 dxe4 8.
dxe4 Bb4 9. h3 Bh5 10. g4 Bg6 11. Nh4 Bxc3 12. Nxg6 Bxb2 13. Nxh8 Bxa1 14. g5
Bd4 15. c3 Bc5 16. Qf3 Qe7 17. gxf6 Qxf6 18. Bg5 Qxg5 19. Qxf7+ Kd8 20. Qg8+
Kc7 21. Qxa8 Nb8 22. Rb1 Bb6 23. c4 Qe7 24. a4 Qc5 25. Kh1 Qa3 26. Nf7 Qd3 27.
Rf1 Qxc4 28. Qxb7+ Kxb7 29. Nd6+ Kc7 30. Nxc4 Nd7 31. f4 1-0

[Event "European Youth Chess Championship B14"]
[Site "Prague, Top Hotel Prague"]
[Date "2016.08.20"]
[Round "3.23"]
[White "Pribelszky, Bence"]
[Black "Dobrin, Ionut-Alexandru"]
[Result "1-0"]
[WhiteElo "2161"]
[BlackElo "1829"]
[PlyCount "111"]
[EventDate "2016.08.18"]

1. e4 c5 2. Nf3 d6 3. d4 cxd4 4. Nxd4 Nf6 5. Nc3 g6 6. Be3 Bg7 7. f3 Nc6 8. Qd2
O-O 9. O-O-O Nxd4 10. Bxd4 Be6 11. Kb1 a6 12. h4 b5 13. h5 b4 14. Ne2 Qa5 15.
b3 Rfc8 16. g4 Qc7 17. Rc1 a5 18. Nf4 a4 19. Nxe6 fxe6 20. Bb5 axb3 21. cxb3
Qa5 22. Rxc8+ Rxc8 23. a4 e5 24. Bb2 Rc5 25. hxg6 hxg6 26. Rc1 Rxb5 27. axb5
Qxb5 28. Qc2 Qb6 29. Qc4+ Kf8 30. g5 Ne8 31. Qe2 Nc7 32. Qc2 Ne6 33. Qc8+ Kf7
34. Qc4 Bf8 35. Rf1 Qe3 36. Bc1 Qd4 37. Qxd4 Nxd4 38. Kb2 Ke6 39. Bd2 Nc6 40.
Rc1 Kd7 41. Rc4 Nd4 42. Rxb4 Nxf3 43. Be3 e6 44. Rb7+ Ke8 45. Rb8+ Kf7 46. b4
d5 47. b5 d4 48. Bc1 Ne1 49. b6 Nd3+ 50. Kc2 Nc5 51. Rxf8+ Kxf8 52. Ba3 Ke8 53.
Bxc5 Kd7 54. Kd3 Kc6 55. Kc4 d3 56. Kxd3 1-0

[Event "European Youth Chess Championship B14"]
[Site "Prague, Top Hotel Prague"]
[Date "2016.08.20"]
[Round "3.24"]
[White "Veiga, Jose Francisco R P N"]
[Black "Shubin, Kirill"]
[Result "0-1"]
[WhiteElo "2001"]
[BlackElo "2298"]
[PlyCount "92"]
[EventDate "2016.08.18"]

1. e4 c5 2. Nf3 Nc6 3. d4 cxd4 4. Nxd4 e5 5. Nb5 d6 6. N1c3 a6 7. Na3 b5 8. Nd5
Nce7 9. c4 Nxd5 10. cxd5 Be7 11. Bd3 Nf6 12. O-O O-O 13. Nc2 Nd7 14. Nb4 Bb7
15. a4 bxa4 16. Be3 Bg5 17. Bxg5 Qxg5 18. Rxa4 Nc5 19. Ra3 f5 20. Re1 fxe4 21.
Bxe4 Rf4 22. f3 Nxe4 23. Rxe4 Rxe4 24. fxe4 Qf4 25. Qe1 Rc8 26. Re3 Qg5 27. Rc3
Rf8 28. Rg3 Qd8 29. Re3 Qb6 30. Qd2 Rf4 31. Nc6 Rxe4 32. Ne7+ Kh8 33. Nf5 g6
34. Kh1 gxf5 35. Rxe4 fxe4 36. Qg5 Bxd5 37. Qf6+ Kg8 38. Qg5+ Kf8 39. Qf6+ Bf7
40. Qh6+ Ke8 41. Qxh7 Qf2 42. Qh8+ Ke7 43. h3 e3 44. Qc8 e2 45. Qc7+ Ke6 46.
Qc4+ Kf6 0-1

[Event "European Youth Chess Championship B14"]
[Site "Prague, Top Hotel Prague"]
[Date "2016.08.20"]
[Round "3.25"]
[White "Tomasi, Albert"]
[Black "Shmavonyan, Areg"]
[Result "0-1"]
[WhiteElo "2276"]
[BlackElo "1998"]
[PlyCount "62"]
[EventDate "2016.08.18"]

1. d4 d5 2. c4 e6 3. Nc3 Be7 4. Nf3 Nf6 5. Qc2 O-O 6. Bg5 h6 7. Bxf6 Bxf6 8.
O-O-O c6 9. e4 dxe4 10. Qxe4 Nd7 11. Bd3 g6 12. h4 Bg7 13. Ne5 c5 14. Nxd7 Bxd7
15. dxc5 Qa5 16. h5 Bc6 17. Qe1 g5 18. f4 gxf4 19. Rh4 Qxc5 20. Rg4 Qxh5 21.
Qe2 Qc5 22. Kb1 Qe3 23. Qf1 Rad8 24. Bc2 Rxd1+ 25. Nxd1 Qe5 26. Qh1 Rd8 27. Nc3
f5 28. Rh4 Bxg2 29. Qxg2 Qe1+ 30. Bd1 Rxd1+ 31. Kc2 Rc1+ 0-1

[Event "European Youth Chess Championship B14"]
[Site "Prague, Top Hotel Prague"]
[Date "2016.08.20"]
[Round "3.26"]
[White "Nilsen, Tobias Lang"]
[Black "Travadon, Loic"]
[Result "1-0"]
[WhiteElo "1987"]
[BlackElo "2258"]
[PlyCount "65"]
[EventDate "2016.08.18"]

1. e4 c5 2. Nf3 Nc6 3. d4 cxd4 4. Nxd4 Nf6 5. Nc3 d6 6. Be2 g6 7. Be3 Bg7 8.
O-O O-O 9. Kh1 Bd7 10. Qd2 Rc8 11. f4 Na5 12. Rad1 Nc4 13. Bxc4 Rxc4 14. Qd3
Rc8 15. f5 Ng4 16. Bf4 Ne5 17. Qg3 Nc6 18. Nxc6 bxc6 19. Rf3 d5 20. Be5 f6 21.
Bf4 dxe4 22. Nxe4 Qe8 23. fxg6 hxg6 24. Nc5 Bf5 25. Be3 Rd8 26. Rc1 e5 27. Qh4
g5 28. Qc4+ Rd5 29. Rxf5 Qf7 30. Qe2 Rfd8 31. Rff1 f5 32. c4 R5d6 33. Bxg5 1-0

[Event "European Youth Chess Championship B14"]
[Site "Prague, Top Hotel Prague"]
[Date "2016.08.20"]
[Round "3.27"]
[White "Kreutzmann, Duke"]
[Black "Vrolijk, Liam"]
[Result "0-1"]
[WhiteElo "1975"]
[BlackElo "2221"]
[PlyCount "70"]
[EventDate "2016.08.18"]

1. c4 Nf6 2. Nc3 g6 3. g3 Bg7 4. Bg2 O-O 5. e4 d6 6. Nge2 c5 7. O-O Nc6 8. d3
a6 9. h3 Rb8 10. a4 Ne8 11. Be3 Nc7 12. d4 cxd4 13. Nxd4 Ne6 14. Nde2 Nc5 15.
b3 Nb4 16. f4 Bd7 17. Rb1 b5 18. axb5 axb5 19. Nd5 bxc4 20. bxc4 Nxd5 21. cxd5
Qa5 22. Bd4 Rxb1 23. Qxb1 Bxd4+ 24. Nxd4 Qc3 25. Nc6 Bxc6 26. dxc6 Rc8 27. e5
dxe5 28. fxe5 Qxg3 29. Qa2 Ne6 30. Qa6 Rc7 31. Qc4 Qxe5 32. Rb1 Nf4 33. Rb8+
Kg7 34. Rb4 Qe1+ 35. Qf1 Qxb4 0-1

[Event "European Youth Chess Championship B14"]
[Site "Prague, Top Hotel Prague"]
[Date "2016.08.20"]
[Round "3.28"]
[White "De, Boer Eelke"]
[Black "Svanda, Ondrej"]
[Result "0-1"]
[WhiteElo "2183"]
[BlackElo "1927"]
[PlyCount "118"]
[EventDate "2016.08.18"]

1. e4 c5 2. Nf3 g6 3. d4 cxd4 4. Nxd4 Nc6 5. c4 Nf6 6. Nc3 d6 7. Be2 Nxd4 8.
Qxd4 Bg7 9. Be3 O-O 10. Qd2 Be6 11. O-O Qa5 12. Rab1 Rfc8 13. b3 Ng4 14. Bd4
Bxd4 15. Qxd4 Qc5 16. Rfd1 Nf6 17. f4 Qxd4+ 18. Rxd4 Rc5 19. Rbd1 Rac8 20. Nb5
Bg4 21. Bxg4 Nxg4 22. a3 a6 23. Nc3 Nf6 24. a4 Kg7 25. Re1 Kf8 26. e5 dxe5 27.
fxe5 Nh5 28. Nd5 R5c6 29. a5 Rd8 30. Red1 Ng7 31. Nb4 Rxd4 32. Rxd4 Rc8 33. Rd7
Rb8 34. Nd5 e6 35. Nf6 h5 36. Rc7 Ne8 37. Nxe8 Kxe8 38. Kf2 b6 39. b4 bxa5 40.
bxa5 Rb2+ 41. Kf3 Ra2 42. Rc5 Kd7 43. h3 g5 44. Kg3 Ra3+ 45. Kf2 g4 46. hxg4
hxg4 47. Ke2 Ra2+ 48. Ke3 Rxg2 49. Kf4 Rg1 50. Kg5 g3 51. Kf4 g2 52. Kf3 Rf1+
53. Kxg2 Rf5 54. Kg3 f6 55. Kg4 fxe5 56. Kg3 e4 57. Rxf5 exf5 58. Kf4 Kd6 59.
Ke3 Kc5 0-1

[Event "European Youth Chess Championship B14"]
[Site "Prague, Top Hotel Prague"]
[Date "2016.08.20"]
[Round "3.29"]
[White "Golding, Alex"]
[Black "Zimmer, Raphael"]
[Result "1/2-1/2"]
[WhiteElo "1958"]
[BlackElo "2180"]
[PlyCount "110"]
[EventDate "2016.08.18"]

1. e4 e5 2. Nf3 Nc6 3. Nc3 Nf6 4. d4 exd4 5. Nxd4 Bb4 6. Nxc6 bxc6 7. Bd3 d5 8.
exd5 cxd5 9. O-O O-O 10. h3 c6 11. Qf3 Rb8 12. Ne2 Bd6 13. Nd4 Qc7 14. Re1 Bd7
15. Nf5 Be5 16. c3 Bxf5 17. Qxf5 Rfe8 18. Bg5 g6 19. Qf3 Ne4 20. Bxe4 dxe4 21.
Rxe4 Rxb2 22. Bf4 f6 23. Bxe5 fxe5 24. Qe3 Rf8 25. f3 Rf5 26. a4 h5 27. Rd1 Qe7
28. Red4 Rxg2+ 29. Kxg2 Qg5+ 30. Qxg5 Rxg5+ 31. Rg4 hxg4 32. fxg4 e4 33. Rd6
Rc5 34. Rxg6+ Kf7 35. Rh6 a6 36. h4 Rxc3 37. g5 Rc4 38. Rf6+ Kg8 39. h5 Rc5 40.
Rg6+ Kh7 41. Kf2 a5 42. Ke3 Re5 43. Kf2 e3+ 44. Ke2 c5 45. Rh6+ Kg7 46. Ra6
Rxg5 47. h6+ Kh7 48. Kxe3 Rg4 49. Rxa5 Kxh6 50. Ra8 Kg7 51. a5 Ra4 52. a6 Ra3+
53. Kd2 c4 54. Kc2 c3 55. Kd3 Kh7 1/2-1/2

[Event "European Youth Chess Championship B14"]
[Site "Prague, Top Hotel Prague"]
[Date "2016.08.20"]
[Round "3.30"]
[White "Chukavin, Kirill"]
[Black "Petr, Jakub"]
[Result "1-0"]
[WhiteElo "2146"]
[BlackElo "1917"]
[PlyCount "101"]
[EventDate "2016.08.18"]

1. e4 c5 2. Nf3 d6 3. d4 cxd4 4. Nxd4 Nf6 5. Nc3 a6 6. Be2 e5 7. Nb3 Be7 8. O-O
O-O 9. Be3 Be6 10. Nd5 Nbd7 11. f3 Nxd5 12. exd5 Bf5 13. a4 Rc8 14. c3 Nb6 15.
Na5 Qc7 16. c4 Nd7 17. b4 Nc5 18. Qd2 b6 19. bxc5 bxa5 20. Rfd1 Rfd8 21. c6 Bf6
22. Rac1 Rb8 23. c5 Be7 24. cxd6 Bxd6 25. Bc5 e4 26. Bxd6 Rxd6 27. Qf4 exf3 28.
Bxf3 Bg6 29. Re1 h6 30. Qe5 Kf8 31. Re2 f6 32. Qd4 Re8 33. Rxe8+ Bxe8 34. Qc5
Bg6 35. Rc3 Bf5 36. Rb3 Bc8 37. Bg4 f5 38. Bf3 Kg8 39. Re3 Kf7 40. Bh5+ g6 41.
Bf3 h5 42. Qd4 Rf6 43. Qe5 Qxe5 44. Rxe5 Rd6 45. Kf2 f4 46. Ke2 Rd8 47. Kd3 Kf6
48. Kd4 h4 49. Re1 g5 50. h3 g4 51. hxg4 1-0

[Event "European Youth Chess Championship B14"]
[Site "Prague, Top Hotel Prague"]
[Date "2016.08.20"]
[Round "3.31"]
[White "Lund, Gunnar"]
[Black "Milosevic, Milos"]
[Result "0-1"]
[WhiteElo "1913"]
[BlackElo "2132"]
[PlyCount "82"]
[EventDate "2016.08.18"]

1. d4 Nf6 2. c4 d6 3. Nc3 Nbd7 4. e4 e5 5. Nf3 Be7 6. Be2 O-O 7. O-O c6 8. Qc2
a6 9. Rd1 Qc7 10. b3 Re8 11. h3 b5 12. a3 Bb7 13. Be3 Rac8 14. Rac1 Qb8 15. Qd2
Bf8 16. Bd3 exd4 17. Bxd4 Ne5 18. Qf4 Nfd7 19. Bf1 g6 20. b4 Bg7 21. c5 dxc5
22. bxc5 Nxf3+ 23. Qxf3 Bxd4 24. Rxd4 Nxc5 25. Rcd1 Qe5 26. Qe3 Rb8 27. f4 Qe7
28. Be2 Ne6 29. Rd6 c5 30. Nd5 Bxd5 31. R1xd5 Nd4 32. Rxa6 Qxe4 33. Qxe4 Rxe4
34. Bg4 c4 35. Rad6 Nc2 36. Ra6 Rxf4 37. Rd7 Ne3 38. Bf3 c3 39. Rc6 c2 40. Rdc7
Rc4 41. Rxc4 bxc4 0-1

[Event "European Youth Chess Championship B14"]
[Site "Prague, Top Hotel Prague"]
[Date "2016.08.20"]
[Round "3.32"]
[White "Gloser, David"]
[Black "Nowak, Mikolaj"]
[Result "0-1"]
[WhiteElo "1900"]
[BlackElo "2123"]
[PlyCount "90"]
[EventDate "2016.08.18"]

1. e4 c6 2. d4 d5 3. f3 e6 4. e5 c5 5. c3 Nc6 6. Ne2 Qb6 7. Na3 Nge7 8. Nc2 Nf5
9. a3 c4 10. h4 h5 11. g3 Be7 12. Rb1 Bd7 13. Bf4 Na5 14. Ne3 Nxe3 15. Bxe3 f6
16. exf6 gxf6 17. Bh3 Kf7 18. O-O Rag8 19. Kh2 Qc7 20. Bf4 Qc8 21. Qe1 Nc6 22.
Ng1 Rh7 23. Qd2 Rhg7 24. Rbe1 f5 25. Re3 Qd8 26. Qf2 Bf6 27. Rfe1 Ne7 28. Bd6
Ng6 29. Qe2 Rh7 30. f4 Qb6 31. Be5 Nxe5 32. fxe5 Bd8 33. Bg2 Be8 34. Nh3 Ke7
35. Nf4 Kd7 36. Bf3 Qc7 37. Bxh5 Bxh5 38. Nxh5 Rg4 39. Nf4 Bxh4 40. gxh4 Rxf4
41. Rh3 Rfxh4 42. Rxh4 Rxh4+ 43. Kg3 Qd8 44. Qd2 Qg8+ 45. Kf3 Qg4+ 0-1

[Event "European Youth Chess Championship B14"]
[Site "Prague, Top Hotel Prague"]
[Date "2016.08.20"]
[Round "3.33"]
[White "Sahin, Doga Boran"]
[Black "Gherghel-Butan, Mircea"]
[Result "1-0"]
[WhiteElo "2107"]
[BlackElo "1892"]
[PlyCount "39"]
[EventDate "2016.08.18"]

1. e4 c6 2. c4 d6 3. d4 e5 4. Nf3 Bg4 5. Be2 Nd7 6. O-O Ngf6 7. Nc3 Be7 8. Be3
O-O 9. Qc2 Qc7 10. Rac1 Bh5 11. h3 Rfe8 12. d5 Bg6 13. Nh4 Nf8 14. Nxg6 hxg6
15. dxc6 bxc6 16. Rfd1 N6h7 17. c5 dxc5 18. b4 Ne6 19. b5 cxb5 20. Nxb5 1-0

[Event "European Youth Chess Championship B14"]
[Site "Prague, Top Hotel Prague"]
[Date "2016.08.20"]
[Round "3.34"]
[White "Slobodiansky, Steven"]
[Black "Kozak, Antoni"]
[Result "0-1"]
[WhiteElo "1891"]
[BlackElo "2102"]
[PlyCount "156"]
[EventDate "2016.08.18"]

1. e4 c6 2. d4 d5 3. Nc3 dxe4 4. Nxe4 Bf5 5. Ng3 Bg6 6. h4 h6 7. h5 Bh7 8. Nf3
Nd7 9. Bd3 Bxd3 10. Qxd3 e6 11. Bd2 Qc7 12. O-O-O Ngf6 13. Ne4 O-O-O 14. Kb1
Nxe4 15. Qxe4 Bd6 16. c4 c5 17. Bc3 Nf6 18. Qe2 cxd4 19. Bxd4 Bc5 20. Be5 Qb6
21. Bg3 Rxd1+ 22. Rxd1 Nxh5 23. Ne5 Nxg3 24. fxg3 Rd8 25. Rxd8+ Qxd8 26. Nxf7
Qf6 27. Qf3 Qxf3 28. gxf3 Kc7 29. Kc2 Bd4 30. b4 h5 31. Ng5 Kd6 32. Kd3 Bb2 33.
a4 b6 34. Ke4 Bc3 35. Nf7+ Kc7 36. b5 Be1 37. Kf4 Kd7 38. Kg5 Ke7 39. Ne5 Bxg3
40. Nc6+ Kd6 41. Kxh5 a5 42. Kg4 Be1 43. f4 Bc3 44. Nb8 Bd4 45. Na6 Be3 46. Kf3
Bd2 47. Ke4 Bc1 48. Kf3 Ba3 49. Ke4 Ke7 50. Kd4 Bd6 51. Ke4 Ba3 52. Ke5 Bb2+
53. Ke4 Kd6 54. Kf3 Bd4 55. Ke4 Bg1 56. Kf3 g6 57. Ke4 Bf2 58. Kf3 Bd4 59. Ke4
Bg1 60. Kf3 e5 61. Ke4 exf4 62. Kxf4 Bf2 63. Kf3 Bd4 64. Ke4 Bg1 65. Kf4 Bc5
66. Nb8 Bf2 67. Na6 Bg1 68. Kg5 Ke5 69. Kxg6 Kd4 70. c5 bxc5 71. b6 Bh2 72. b7
c4 73. b8=Q Bxb8 74. Nxb8 Kc5 75. Kf5 c3 76. Nd7+ Kd4 77. Ne5 c2 78. Nf3+ Ke3
0-1

[Event "European Youth Chess Championship B14"]
[Site "Prague, Top Hotel Prague"]
[Date "2016.08.20"]
[Round "3.35"]
[White "Golikov, Daniil"]
[Black "Lavorgna, Francesco"]
[Result "1-0"]
[WhiteElo "2098"]
[BlackElo "1887"]
[PlyCount "65"]
[EventDate "2016.08.18"]

1. c4 Nf6 2. Nc3 e6 3. e4 d5 4. e5 d4 5. exf6 dxc3 6. fxg7 cxd2+ 7. Bxd2 Bxg7
8. Qb3 Nc6 9. Nf3 O-O 10. O-O-O Qe7 11. Bd3 a5 12. a3 a4 13. Qc2 h6 14. Kb1 Bd7
15. Qc1 Qf6 16. Rhe1 Ra6 17. Bc3 Qe7 18. Bxg7 Kxg7 19. Qf4 Rc8 20. Qg4+ Kh8 21.
Qh5 Qf6 22. Bg6 Qxg6+ 23. Qxg6 fxg6 24. Rxd7 e5 25. Nxe5 Nxe5 26. Rxe5 Rf6 27.
f3 Rd6 28. Rxd6 cxd6 29. Re6 Kg7 30. Rxd6 Rxc4 31. Rd7+ Kf6 32. Rxb7 Ke5 33.
Rb4 1-0

[Event "European Youth Chess Championship B14"]
[Site "Prague, Top Hotel Prague"]
[Date "2016.08.20"]
[Round "3.36"]
[White "Nagy, Ladislav"]
[Black "Morgunov, Daniel"]
[Result "0-1"]
[WhiteElo "1872"]
[BlackElo "2098"]
[PlyCount "54"]
[EventDate "2016.08.18"]

1. e4 e5 2. Nf3 d6 3. d4 exd4 4. Nxd4 Nf6 5. Nc3 Be7 6. Be2 O-O 7. O-O Re8 8.
f4 Bf8 9. Bf3 c5 10. Nf5 Nc6 11. g4 Nd4 12. g5 Nxe4 13. Nxd4 Nxc3 14. bxc3 cxd4
15. cxd4 d5 16. Bg4 Bxg4 17. Qxg4 Qc7 18. Qf3 Qxc2 19. Be3 Qd3 20. Rae1 Bb4 21.
Re2 Re4 22. g6 fxg6 23. f5 Rf8 24. Rc1 Rxf5 25. Qg2 Rxe3 26. Rf2 Ref3 27. Rc8+
Bf8 0-1

[Event "European Youth Chess Championship B14"]
[Site "Prague, Top Hotel Prague"]
[Date "2016.08.20"]
[Round "3.37"]
[White "Michaelides, Konstantinos"]
[Black "Akulov, Lev"]
[Result "1-0"]
[WhiteElo "2092"]
[BlackElo "1862"]
[PlyCount "139"]
[EventDate "2016.08.18"]

1. e4 c5 2. Nf3 e6 3. d4 cxd4 4. Nxd4 Nf6 5. Bd3 d6 6. O-O Be7 7. Nc3 O-O 8.
Be3 a6 9. f4 Nbd7 10. Qf3 e5 11. Nf5 exf4 12. Qxf4 Ne5 13. Nxe7+ Qxe7 14. Bd4
Bd7 15. Rae1 Rac8 16. h3 b5 17. g4 Qe6 18. a3 h5 19. g5 Nh7 20. Nd5 Ng6 21. Qf5
Qe8 22. Qf3 Qd8 23. Re2 Nxg5 24. Qxh5 Nxh3+ 25. Kh2 Qg5 26. Qxg5 Nxg5 27. Rg2
Ne6 28. Bc3 Rfe8 29. Rgf2 Ng5 30. a4 Nxe4 31. Rxf7 Nxc3 32. Bxg6 Nxd5 33. Rxd7
Re2+ 34. Kh1 Nf6 35. Rxd6 bxa4 36. Rxa6 Ne4 37. Kg1 Re3 38. c3 Nf6 39. Kf2 Ng4+
40. Kg2 Nf6 41. Rxa4 Rb8 42. Rf2 Re5 43. Kf1 Rd8 44. Bc2 Kf7 45. Ra7+ Kf8 46.
Bb3 Re7 47. Rxe7 Kxe7 48. Re2+ Kd7 49. Rd2+ Kc7 50. Rxd8 Kxd8 51. Ke2 Kd7 52.
Ke3 g5 53. Kd4 Kd6 54. Bf7 Ke7 55. Bc4 Kd6 56. b4 Ng4 57. Bd5 Nf6 58. Bg2 g4
59. c4 Nh5 60. c5+ Kc7 61. Ke5 Ng3 62. b5 Ne2 63. b6+ Kb8 64. c6 Nc3 65. c7+
Kc8 66. Bc6 g3 67. Kd6 Nb5+ 68. Bxb5 Kb7 69. Bc6+ Kc8 70. b7# 1-0

[Event "European Youth Chess Championship B14"]
[Site "Prague, Top Hotel Prague"]
[Date "2016.08.20"]
[Round "3.38"]
[White "Popvasilev, Kaloyan"]
[Black "Yeritsyan, Aram"]
[Result "0-1"]
[WhiteElo "1860"]
[BlackElo "2091"]
[PlyCount "88"]
[EventDate "2016.08.18"]

1. e4 c5 2. Nf3 e6 3. g3 d6 4. d4 cxd4 5. Nxd4 Nc6 6. Bg2 Bd7 7. O-O Be7 8. Nc3
a6 9. Be3 Qc7 10. Qe2 h5 11. h3 Nf6 12. a4 Rc8 13. Nb3 Ne5 14. f4 Nc4 15. Bc1
h4 16. g4 g5 17. f5 Rg8 18. a5 Ne5 19. Be3 Nc4 20. Bc1 Rg7 21. Qf2 Nh7 22. fxe6
fxe6 23. Qd4 Ne5 24. Be3 Bf6 25. Rxf6 Nxf6 26. Rd1 Ke7 27. Qb4 Ne8 28. Bd4 Nc6
29. Qa3 Nxd4 30. Rxd4 Kf7 31. Qb4 Bc6 32. Rc4 Qd7 33. Rd4 Rd8 34. Nd2 e5 35.
Qc4+ Ke7 36. Rd3 Qe6 37. b3 Nc7 38. Nd5+ Bxd5 39. exd5 Qg8 40. Qe4 Ne8 41. c4
Rf7 42. Qe2 Nf6 43. Be4 Nxe4 44. Nxe4 Rf4 0-1

[Event "European Youth Chess Championship B14"]
[Site "Prague, Top Hotel Prague"]
[Date "2016.08.20"]
[Round "3.39"]
[White "Lavorgna, Filippo"]
[Black "Kalabukhov, Bogdan"]
[Result "1/2-1/2"]
[WhiteElo "1849"]
[BlackElo "2090"]
[PlyCount "179"]
[EventDate "2016.08.18"]

1. Nf3 d5 2. g3 Bg4 3. Bg2 c6 4. c4 e6 5. Ne5 Bf5 6. cxd5 exd5 7. d4 Nf6 8. Qb3
Qb6 9. Qxb6 axb6 10. O-O Bxb1 11. Rxb1 Rxa2 12. Bf4 Ra8 13. Bh3 Na6 14. Bg5 Be7
15. Rfd1 b5 16. Bxf6 Bxf6 17. Nd7 Rd8 18. Nb6 O-O 19. Bd7 Nb8 20. Bg4 Be7 21.
Ra1 f5 22. Bh3 Na6 23. e4 dxe4 24. d5 Bc5 25. dxc6 Rxd1+ 26. Rxd1 Bxb6 27. cxb7
g6 28. Rd6 Bc7 29. Rxa6 Rb8 30. Ra8 Kf7 31. Rxb8 Bxb8 32. Bf1 b4 33. Bc4+ Kf6
34. Kf1 g5 35. Ke2 f4 36. Bd5 Ke5 37. Bc4 f3+ 38. Kd2 h6 39. Bg8 Kd4 40. Bf7
Ba7 41. Bh5 Kc4 42. Bf7+ Kd4 43. Bh5 Bb8 44. Bg6 Bc7 45. b3 Bb8 46. Bh7 Ba7 47.
Bg6 Ke5 48. Bh7 h5 49. Bg6 h4 50. gxh4 gxh4 51. h3 Kd4 52. Bh5 Bb8 53. Bg4 Bf4+
54. Ke1 Bb8 55. Kd2 Ke5 56. Bd7 Kf4 57. Ke1 Be5 58. Kf1 Bc7 59. Ke1 Bb8 60. Bc8
Ba7 61. Kf1 Ke5 62. Ke1 Kf4 63. Kf1 Bb8 64. Ke1 Bc7 65. Kf1 Ke5 66. Ke1 Kd4 67.
Be6 Bf4 68. Bf7 Kd3 69. Bc4+ Kc3 70. Kf1 Kd2 71. Bd5 Kd3 72. Bc4+ Kd4 73. Be6
Bb8 74. Bf7 Ke5 75. Bc4 Kf4 76. Be6 Ba7 77. Bf7 e3 78. fxe3+ Kxe3 79. Be6 Kf4
80. Bd7 Kg3 81. Be6 f2 82. Bd7 Kf3 83. Bg4+ Ke3 84. Be6 Kd2 85. Bf7 Ke3 86. Be6
Bb8 87. Bd5 Ba7 88. Be6 Kf4 89. Bd7 Kg3 90. Be6 1/2-1/2